| 000 | 00622nam a2200133Ia 4500 | ||
|---|---|---|---|
| 008 | 171212s9999 xx 000 0 und d | ||
| 020 | _a9780833050397 | ||
| 100 | _aBahney, Benjamin;Shatz, Howard J.;Ganier, Carroll;McPherson, Renny;Sude, Barbara | ||
| 245 |
_cBahney, Benjamin;Shatz, Howard J.;Ganier, Carroll;McPherson, Renny;Sude, Barbara _aAn Economic Analysis of the Financial Records of al-Qa'ida in Iraq |
||
| 260 |
_bRAND Corporation _c2010 |
||
| 650 | _aEconomics | ||
| 650 | _aQaida (Organization) -- Finance; Terrorism -- Iraq -- Finance; Terrorism -- Finance | ||
| 856 | _uwww.jstor.org/stable/10.7249/mg1026osd | ||
| 999 |
_c351719 _d351719 |
||